<?xml version="1.0" encoding="UTF-8"?>
<resp>
  <nextPage>https://data.bn.org.pl/api/networks/bibs.marcxml?marc=001+b1000000420541&amp;sinceId=1000000420542</nextPage>
  <collection>
    <record xmlns='http://www.loc.gov/MARC21/slim'><leader>02046nam a2200637 i 4500</leader><controlfield tag='001'>b1000000420541</controlfield><controlfield tag='005'>20241203215143.5</controlfield><controlfield tag='006'>m     o  d |      </controlfield><controlfield tag='007'>cr#cn#nnnann|n</controlfield><controlfield tag='008'>191002s2018    pl a    of   |000 0 pol  </controlfield><controlfield tag='009'>9911260870405606</controlfield><datafield ind1=' ' ind2=' ' tag='020'><subfield code='a'>9788365621559 :</subfield><subfield code='c'>egzemplarz bezpłatny</subfield></datafield><datafield ind1=' ' ind2=' ' tag='035'><subfield code='a'>(PL)b1000000420541</subfield></datafield><datafield ind1=' ' ind2=' ' tag='040'><subfield code='a'>WA N</subfield><subfield code='c'>WA N</subfield><subfield code='d'>WA N</subfield></datafield><datafield ind1=' ' ind2=' ' tag='046'><subfield code='k'>2018</subfield></datafield><datafield ind1=' ' ind2=' ' tag='080'><subfield code='a'>37(0.034)</subfield></datafield><datafield ind1='0' ind2='0' tag='245'><subfield code='a'>Innowacyjna metoda nauczania pozaformalnego osób dorosłych /</subfield><subfield code='c'>Edyta Nowak-Żółty, Marek Walancik.</subfield></datafield><datafield ind1=' ' ind2=' ' tag='256'><subfield code='a'>Dane tekstowe.</subfield></datafield><datafield ind1=' ' ind2=' ' tag='260'><subfield code='a'>Dąbrowa Górnicza :</subfield><subfield code='b'>Wydawnictwo Naukowe Akademii WSB,</subfield><subfield code='c'>2018.</subfield></datafield><datafield ind1=' ' ind2=' ' tag='336'><subfield code='a'>Tekst</subfield><subfield code='b'>txt</subfield><subfield code='2'>rdacontent</subfield></datafield><datafield ind1=' ' ind2=' ' tag='337'><subfield code='a'>Komputer</subfield><subfield code='b'>c</subfield><subfield code='2'>rdamedia</subfield></datafield><datafield ind1=' ' ind2=' ' tag='338'><subfield code='a'>Publikacja online</subfield><subfield code='b'>cr</subfield><subfield code='2'>rdacarrier</subfield></datafield><datafield ind1=' ' ind2=' ' tag='347'><subfield code='a'>Plik tekstowy</subfield><subfield code='b'>PDF</subfield><subfield code='c'>0,70 MB</subfield></datafield><datafield ind1=' ' ind2=' ' tag='380'><subfield code='a'>E-booki</subfield></datafield><datafield ind1=' ' ind2=' ' tag='380'><subfield code='a'>Publikacje naukowe</subfield></datafield><datafield ind1='1' ind2=' ' tag='388'><subfield code='a'>2001-</subfield></datafield><datafield ind1='1' ind2=' ' tag='490'><subfield code='a'>Prace Naukowe Akademii WSB</subfield></datafield><datafield ind1=' ' ind2=' ' tag='500'><subfield code='a'>Tytuł z ekranu tytułowego.</subfield></datafield><datafield ind1=' ' ind2=' ' tag='504'><subfield code='a'>Bibliografia.</subfield></datafield><datafield ind1=' ' ind2=' ' tag='536'><subfield code='a'>Współfinansowanie: Unia Europejska</subfield></datafield><datafield ind1=' ' ind2=' ' tag='538'><subfield code='a'>Tryb dostępu: online.</subfield></datafield><datafield ind1=' ' ind2='7' tag='650'><subfield code='a'>Dorośli</subfield><subfield code='2'>DBN</subfield></datafield><datafield ind1=' ' ind2='7' tag='650'><subfield code='a'>Nauczanie on-line</subfield><subfield code='2'>DBN</subfield></datafield><datafield ind1=' ' ind2='7' tag='655'><subfield code='a'>Opracowanie</subfield><subfield code='2'>DBN</subfield></datafield><datafield ind1=' ' ind2=' ' tag='658'><subfield code='a'>Edukacja i pedagogika</subfield></datafield><datafield ind1='1' ind2=' ' tag='700'><subfield code='a'>Nowak-Żółty, Edyta</subfield><subfield code='e'>Autor</subfield></datafield><datafield ind1='1' ind2=' ' tag='700'><subfield code='a'>Walancik, Marek</subfield><subfield code='e'>Autor</subfield></datafield><datafield ind1='2' ind2=' ' tag='710'><subfield code='a'>Wydawnictwo Naukowe Akademii WSB</subfield><subfield code='e'>Wydawca</subfield><subfield code='4'>pbl</subfield></datafield><datafield ind1=' ' ind2='0' tag='830'><subfield code='a'>Prace Naukowe Akademii WSB</subfield></datafield><datafield ind1=' ' ind2=' ' tag='852'><subfield code='8'>22594579180005066</subfield><subfield code='j'>1</subfield><subfield code='b'>BN_PL</subfield><subfield code='p'>888a0342742</subfield><subfield code='c'>rep</subfield></datafield><datafield ind1=' ' ind2=' ' tag='852'><subfield code='b'>48OMNIS_NETWORK</subfield><subfield code='8'>9911260870405606</subfield></datafield><datafield ind1=' ' ind2=' ' tag='852'><subfield code='b'>48OMNIS_NLOP</subfield><subfield code='8'>991052563863505066</subfield></datafield><datafield ind1=' ' ind2=' ' tag='920'><subfield code='a'>978-83-65621-55-9 : egzemplarz bezpłatny</subfield></datafield></record>
  </collection>
</resp>
